000 01026nam0a22002411 4500
001 rc\556752
005 20030616170335.9
035 _a(NLR Aleph) 005792211
090 _a5208718
_c5208718
100 _a20030616d1987 u |0rusy50 ca
101 0 _arus
102 _aRU
105 _aa |||||||||
200 1 _aРасчет отверстий малых искусственных сооружений
_eМетод. указания для студентов спец. 1211 и 1212
_fМ-во высш. и сред. спец. образования АрмССР, Ерев. политехн. ин-т им. К. Маркса. Каф. механики грунтов оснований и фундаментов
210 _aЕреван
_cБ. и.
_d1987
215 _a65 с.
_cил.
_d20
320 _aБиблиогр.: с. 64
700 1 _aКалантарова
_bЖ. Х.
_gЖасмина Хачатуровна
801 0 _aRU
_bNLR
_gpsbo
801 1 _aRU
_bELAR
_2rusmarc
852 _aNLR
_j89-4/13158
942 _cBOOK
980 _aNB